| 000 | 00600nam a22001817a 4500 | ||
|---|---|---|---|
| 008 | 230616b |||||||| |||| 00| 0 eng d | ||
| 040 |
_aNational Science Library _cNational Science Library |
||
| 080 |
_aR 05(058.7) _bK7.1 |
||
| 245 |
_aUlrich's international periodicals directory _c/ R. R. Bowker Company |
||
| 250 | _a12th ed. | ||
| 260 |
_aNew York: _bR. R. Bowker Company, _c1968 |
||
| 300 | _alxii, 1755p. | ||
| 500 | _aVol.2 (Arts, humanities, business & social sciences) | ||
| 650 | _aScience | ||
| 653 | _aDirectory | ||
| 700 | _aChicorel, Marietta (Ed.) | ||
| 942 |
_2udc _cDIR |
||
| 999 |
_c52002 _d52002 |
||